| 000 | 00625nam a22002057a 4500 | ||
|---|---|---|---|
| 999 |
_c6147 _d6147 |
||
| 003 | AR-CdUCM | ||
| 008 | 190313b ||||| |||| 00| 0 spa d | ||
| 040 |
_aMUNICIPALIDAD PROVINCIAL DEL CUSCO _cBIBLIOTECA MUNICIPAL DEL CUSCO |
||
| 082 |
_a891.7 / _bSE42 |
||
| 100 |
_aSerafimovitch, Alejandro _917807 |
||
| 245 |
_aEl torrente de hierro : _bnovela / |
||
| 260 |
_aMadrid : _bCenit, _c1930. |
||
| 300 |
_a241 páginas ; _c19 cm. |
||
| 500 | _aDonación familia Nieto. | ||
| 650 |
_aNovelas rusas _92132 |
||
| 650 |
_aSiglo XX. _98 |
||
| 700 |
_aPumarega, Manuel (traductor) _917808 |
||
| 942 |
_2ddc _cLIBROS |
||
| 945 | _aafb | ||